000 00645nam a2200229Ia 4500
003 GCL
008 140319s9999 xx 000 0 ara d
040 _aGCL /
_cGCL
082 0 4 _aق
_b342.02
_bع ح
100 1 _aعادل أمين
245 1 0 _aالحياة الدستورية فى مصر 1994-1952 /
_cعادل أمين
300 _a275
490 _aكتاب
_v0
650 0 4 _aالعصر الحديث
650 0 4 _aالقانون
650 0 4 _aمصر
650 0 4 _aالسياسة
650 0 4 _aالدستور
650 0 4 _aالقانون الدستورى
650 0 4 _aالقانون الدستورى - مصر
942 _2ddc
_cBK
999 _c42525
_d42525